| Tag |
First Indicator |
Second Indicator |
Subfields |
| LEADER |
00000cam a2200000 4500 |
| 001 |
in00000032926 |
| 005 |
20151007063253.0 |
| 008 |
750715s1963 nyu 00001 eng u |
| 010 |
|
|
|a 61012589
|
| 035 |
|
|
|a (OCoLC)01450315
|
| 035 |
|
|
|9 AAD6973AM
|
| 040 |
|
|
|c ORL
|d TXA
|d UtOrBLW
|
| 049 |
|
|
|a TXAM
|c [360815]
|
| 050 |
0 |
0 |
|a PZ4.T2
|b On
|
| 090 |
|
|
|a PS3570.A83
|b O53 1963
|
| 092 |
|
|
|a 813
|b T217o
|
| 100 |
1 |
|
|a Tate, Marilyn F.
|
| 245 |
1 |
0 |
|a One kiss for France /
|c Marilyn F. Tate.
|
| 250 |
|
|
|a 1st ed.
|
| 264 |
|
1 |
|a Garden City, N. Y. :
|b Doubleday,
|c 1963.
|
| 300 |
|
|
|a 375 pages ;
|c 22 cm.
|
| 336 |
|
|
|a text
|b txt
|2 rdacontent
|
| 337 |
|
|
|a unmediated
|b n
|2 rdamedia
|
| 338 |
|
|
|a volume
|b nc
|2 rdacarrier
|
| 999 |
|
|
|a MARS
|
| 999 |
f |
f |
|s d11f13b5-91ec-32e2-87da-9b4697287493
|i 42815028-2459-330a-b22e-115ae83ef11a
|t 0
|
| 952 |
f |
f |
|p ric
|a Texas A&M University
|b Rellis Campus
|c Joint Library Facility
|d Remote Storage
|t 0
|e PS3570.A83 O53 1963
|h Library of Congress classification
|i unmediated -- volume
|m A14801252851
|
| 998 |
f |
f |
|a PS3570.A83 O53 1963
|t 0
|l Remote Storage
|